| Tag |
First Indicator |
Second Indicator |
Subfields |
| LEADER |
00000cam a2200000Mi 4500 |
| 001 |
in00005498708 |
| 006 |
m o d |
| 007 |
cr un||||||||| |
| 008 |
230606s2023 enk fo 000 0 eng d |
| 005 |
20240923171919.0 |
| 035 |
|
|
|a (OCoLC)on1382591462
|
| 040 |
|
|
|a SGPBL
|b eng
|e rda
|e pn
|c SGPBL
|d OCLCF
|d OCLCO
|
| 020 |
|
|
|a 9781071915776
|q (SAGE Business Cases)
|
| 020 |
|
|
|a 1071915770
|
| 035 |
|
|
|a (OCoLC)1382591462
|
| 050 |
|
4 |
|a HD57.7
|b .B53 2023
|
| 082 |
0 |
4 |
|a 658.4092
|
| 049 |
|
|
|a TXAM
|
| 100 |
1 |
|
|a Black, Jennifer,
|d active 2023,
|e author.
|
| 245 |
1 |
0 |
|a Ethics and decision-making in Hamlet /
|c Jennifer Black.
|
| 264 |
|
1 |
|a London :
|b SAGE Publications: SAGE Business Cases Originals,
|c 2023.
|
| 300 |
|
|
|a 1 online resource.
|
| 336 |
|
|
|a text
|b txt
|2 rdacontent
|
| 337 |
|
|
|a computer
|b c
|2 rdamedia
|
| 338 |
|
|
|a online resource
|b cr
|2 rdacarrier
|
| 490 |
1 |
|
|a Sage business cases
|
| 520 |
8 |
|
|a This case examines ethics and decision-making in Shakespeare's tragedy Hamlet, a play that traces the choices of a prince and those around him and shows how they affect the fate of the whole kingdom. The new king, Claudius, has come to the throne of Denmark upon the sudden death of his brother. Hamlet, son of the dead king, faces tough decisions about how to react to the change of leadership and its effects on the country. Hamlet and other individuals in the Danish court make choices about how to react to the changing circumstances, often choosing unethical options that lead to the breakdown of the kingdom as well as suffering for its leaders. Students will be asked to describe several different models for ethical decision-making and use these models to evaluate the ethics of decisions made by characters in Hamlet, explain how individuals can use ethical frameworks to make effective decisions, and articulate the value of ethical models for effective decision-making.
|
| 588 |
|
|
|a Description based on XML content.
|
| 600 |
1 |
0 |
|a Shakespeare, William,
|d 1564-1616.
|t Hamlet
|x History and criticism
|v Case studies.
|
| 630 |
0 |
7 |
|a Hamlet (Shakespeare, William)
|2 fast
|
| 650 |
|
0 |
|a Leadership
|x Moral and ethical aspects
|v Case studies.
|
| 650 |
|
6 |
|a Leadership
|x Aspect moral
|v Études de cas.
|
| 650 |
|
7 |
|a Leadership
|x Moral and ethical aspects
|2 fast
|
| 655 |
|
7 |
|a Electronic books.
|2 local
|
| 655 |
|
7 |
|a Case studies
|2 fast
|
| 655 |
|
7 |
|a Criticism, interpretation, etc.
|2 fast
|
| 830 |
|
0 |
|a Sage business cases.
|
| 856 |
4 |
0 |
|u http://proxy.library.tamu.edu/login?url=https://sk.sagepub.com/cases/ethics-and-decision-making-in-hamlet
|z Connect to the full text of this electronic book
|t 0
|
| 955 |
|
|
|a SAGE eBooks
|
| 955 |
|
|
|a SAGE Business Cases 2023 Annual Collection
|
| 994 |
|
|
|a 92
|b TXA
|
| 999 |
f |
f |
|s 78b54eb4-a89a-42ac-b523-96f70dca9bde
|i 76112193-4748-4fea-8151-7ed305a476cd
|t 0
|
| 952 |
f |
f |
|a Texas A&M University
|b College Station
|c Electronic Resources
|d Available Online
|t 0
|e HD57.7 .B53 2023
|h Library of Congress classification
|
| 998 |
f |
f |
|a HD57.7 .B53 2023
|t 0
|l Available Online
|